• 首页
  • 本馆介绍
  • 公告通知
  • 最新文献
  • 馆藏检索
  • 电子资源
  • 读者导购
  • 参考咨询
  • 我的图书馆
  • 登录
  • 详细信息显示
  • 放入我的书架
  • 预约/预借图书
  • 作者相关作品
  • 分类相关作品
  • 丛书相关作品
  • 出版社相关作品

书目信息

  • 表格格式
  • 工作单格式
  • 卡片格式
题名:
字音辨正
    
 
作者: 王建堂 著
分册:  
出版信息: 石家庄   河北人民出版社  1988.9
页数: 339页
开本: 19cm
丛书名:
单 册:
中图分类: H116.1 , H11
科图分类:
主题词:
电子资源:
ISBN: 7-202-00138-1
000 00541nam0 2200205 450
001 1549151972
005 20150125133958.14
010    @a7-202-00138-1@dCNY3.45
100    @a20130329d1988 m y0chiy0110 ea
101 0  @achi
102    @aCN@b130000
105    @ay z 000yy
200 1  @a字音辨正@9zi yin bian zheng@f王建堂等著
210    @a石家庄@c河北人民出版社@d1988.9
215    @a339页@d19cm
690    @aH116.1@v1980
690    @aH11@v4
701  0 @a王建堂@9wang jian tang@4著
801  0 @aCN@bTSSF@c20150125
905    @aZUCC@dH11@eJY26
    
    字音辨正/王建堂等著.-石家庄:河北人民出版社,1988.9
    339页;19cm
    
    
    ISBN 7-202-00138-1:CNY3.45
    
●
相关链接 在E读中查询图书 在五车中查询图书 在当当中查询图书 在豆瓣中查询图书


正题名:字音辨正     索取号:H11/JY26         预约/预借

序号 登录号 条形码 馆藏地/架位号 状态 备注
1 7854889   278548895   学院路分馆/ [索取号:H11/JY26] 在馆    
2 7854890   278548902   学院路分馆/ [索取号:H11/JY26] 在馆    
3 7854891   278548911   学院路分馆/ [索取号:H11/JY26] 在馆    
4 7854892   278548920   学院路分馆/ [索取号:H11/JY26] 在馆    
唐山师范学院图书馆 欢迎您!
大连网信软件有限公司© 版权所有